000 00299nam a2200121Ia 4500
008 190722s9999 xx 000 0 und d
020 _a978-1-137-37501-8
100 _aDamodar Gujarati
245 0 _aEconometrics(by Example
260 _aNew Delhi
_bMac Millian
_c2015
300 _a466
942 _cBK
999 _c436
_d436